Państwo Azji na literę... - Statystyki

Ogólne statystyki
  • Ten quiz został rozwiązany 81 razy
  • Średni wynik to 17 z 19
Statystyki odpowiedzi
Litera Odpowiedź % Poprawnych
A Afganistan | Arabia Saudyjska | Armenia | Azerbejdżan
98%
C Chiny | Cypr
98%
I Indie | Indonezja | Irak | Iran | Izrael
98%
J Japonia | Jemen | Jordania
98%
K Kambodża | Katar | Kazachstan | Korea Południowa | Kirgistan | Kuwejt
98%
B Bahrajn | Bangladesz | Bhutan | Brunei
96%
M Malediwy | Malezja | Mongolia | Mjanma
94%
L Laos | Liban
92%
O Oman
92%
T Tadżykistan | Tajlandia | Timor Wschodni | Turcja | Turkmenistan
90%
F Filipiny
87%
U Uzbekistan
87%
G Gruzja
81%
R Rosja
81%
N Nepal
79%
P Pakistan | Palestyna
79%
S Singapur | Sri Lanka | Syria
77%
W Wietnam
73%
Z Zjednoczone Emiraty Arabskie
62%
Nie znaleziono quizów pasujących do podanych kryteriów
Rozkład punktacji
Procent ludzi z każdym wynikiem
Percentyl według liczby udzielonych odpowiedzi
Twoja historia wyników
Nie rozwiązałeś tego quizu